100 Montessori aktivit : připravuji svoje dítě na psaní a čtení / napsala Marie-Hélène Place ; fotografie Claire Delfino
Record details
- ISBN: 978-80-256-2139-4
- Physical Description: 202 stran, 16 nečíslovaných listů obrazových příloh : ilustrace (převážně barevné) ; 20 cm
- Edition: První české vydání
- Publisher: Praha : Svojtka & Co., 2017
Content descriptions
| General Note: | Z francouzštiny přeložila Martina Blahníková Obálkový podnázev: 2/6 let |
| Bibliography, etc. Note: | Obsahuje bibliografii a bibliografické odkazy |
Search for related items by subject
| Genre: | příručky handbooks and manuals |
Available copies
- 2 of 2 copies available at Common Catalog SPOK.
Holds
- 0 current holds with 2 total copies.
Show Only Available Copies
| Location | Call Number / Copy Notes | Barcode | Shelving Location | Status | Due Date |
|---|---|---|---|---|---|
| Jabok Library | Ped-6.2
Pořízeno z projektu Škola jako místo, kde se vzdělává a žije: CZ.07.4.68/0.0/0.0/16_037/0000325
|
424480041735 | Odborná literatura | Available | - |
| Montessori Library | KNI0190 | 4614600190 | Chodba | Available | - |
| LDR | 02544nam a2200649 i 4500 | ||
|---|---|---|---|
| 001 | 30210 | ||
| 003 | CZ-PrJAB | ||
| 005 | 20200106091727.0 | ||
| 007 | ta | ||
| 008 | 170825s2017 xr af e f 000 0 cze | ||
| 020 | . | ‡a978-80-256-2139-4 ‡q(brožováno) | |
| 035 | . | ‡a(CZ PrNK)nkc20172929168 | |
| 035 | . | ‡a(OCoLC)1011120610 | |
| 040 | . | ‡aBOA001 ‡bcze ‡dABA001 ‡erda | |
| 041 | 1 | . | ‡acze ‡hfre |
| 072 | 7. | ‡a373.2/.3 ‡xPředškolní a primární výchova a vzdělávání ‡2Konspekt ‡922 | |
| 080 | . | ‡a316.346.32-053.4 ‡2MRF | |
| 080 | . | ‡a373.2 ‡2MRF | |
| 080 | . | ‡a159.932 ‡2MRF | |
| 080 | . | ‡a159.946.4 ‡2MRF | |
| 080 | . | ‡a37.091.33-026.15 ‡2MRF | |
| 080 | . | ‡a37.091.4 ‡2MRF | |
| 080 | . | ‡a(035) ‡2MRF | |
| 100 | 1 | . | ‡aPlace, Marie-Hélène, ‡d1961- ‡7osa2017963194 ‡4aut |
| 240 | 1 | 0. | ‡a100 activités Montessori pour préparer mon infant à lire et à écrire. ‡lČesky |
| 245 | 1 | 0. | ‡a100 Montessori aktivit : ‡bpřipravuji svoje dítě na psaní a čtení / ‡cnapsala Marie-Hélène Place ; fotografie Claire Delfino |
| 246 | 1 | . | ‡iObálkový a hřbetní název: ‡a100 aktivit Montessori |
| 246 | 3 | . | ‡aSto Montessori aktivit |
| 246 | 3 | 0. | ‡aPřipravuji svoje dítě na psaní a čtení |
| 250 | . | ‡aPrvní české vydání | |
| 264 | 1. | ‡aPraha : ‡bSvojtka & Co., ‡c2017 | |
| 300 | . | ‡a202 stran, 16 nečíslovaných listů obrazových příloh : ‡bilustrace (převážně barevné) ; ‡c20 cm | |
| 336 | . | ‡atext ‡btxt ‡2rdacontent | |
| 337 | . | ‡abez média ‡bn ‡2rdamedia | |
| 338 | . | ‡asvazek ‡bnc ‡2rdacarrier | |
| 500 | . | ‡aZ francouzštiny přeložila Martina Blahníková | |
| 500 | . | ‡aObálkový podnázev: 2/6 let | |
| 504 | . | ‡aObsahuje bibliografii a bibliografické odkazy | |
| 650 | 0 | 7. | ‡aděti předškolního věku ‡7ph119710 ‡2czenas |
| 650 | 0 | 7. | ‡apředškolní výchova ‡7ph124887 ‡2czenas |
| 650 | 0 | 7. | ‡asluchové vnímání ‡7ph116185 ‡2czenas |
| 650 | 0 | 7. | ‡agrafomotorika ‡7ph120600 ‡2czenas |
| 650 | 0 | 7. | ‡atvořivé hry ‡7ph126810 ‡2czenas |
| 650 | 0 | 7. | ‡ametoda Montessori ‡7ph122781 ‡2czenas |
| 650 | 0 | 9. | ‡apreschool children ‡2eczenas |
| 650 | 0 | 9. | ‡apreschool education ‡2eczenas |
| 650 | 0 | 9. | ‡aauditory perception ‡2eczenas |
| 650 | 0 | 9. | ‡agraphomotorics ‡2eczenas |
| 650 | 0 | 9. | ‡acreative games ‡2eczenas |
| 650 | 0 | 9. | ‡aMontessori method of education ‡2eczenas |
| 655 | 7. | ‡apříručky ‡7fd133209 ‡2czenas | |
| 655 | 9. | ‡ahandbooks and manuals ‡2eczenas | |
| 700 | 1 | . | ‡aDelfino, Claire ‡7mzk2017966627 ‡4pht |
| 700 | 1 | . | ‡aBlahníková, Martina ‡7xx0081051 ‡4trl |
| 910 | . | ‡aABG323 | |
| 910 | . | ‡aABG312 | |
| 995 | . | ‡aska | |
| 901 | . | ‡a30210 ‡bCZ-PrJAB ‡c30210 ‡tbiblio | |